Исследования в области равновесий и термохимии жидкостной экстракции: автореферат диссертации на соискание ученой степени доктора химических наук; спец. 070

書誌詳細
第一著者: Афанасьев Ю. А.
団体著者: Академия наук СССР (АН СССР) Сибирское отделение (СО) Институт неорганической химии им. А. В. Николаева (ИНХ)
その他の著者: Николаев А. В. (научный консультант)
要約:Защита сост. в феврале 1968 г.
言語:ロシア語
出版事項: Новосибирск, [Б. и.], 1968
主題:
フォーマット: 図書
KOHA link:https://koha.lib.tpu.ru/cgi-bin/koha/opac-detail.pl?biblionumber=322981

MARC

LEADER 00000nam0a2200000 4500
001 322981
005 20231102003527.0
035 |a (RuTPU)RU\TPU\book\348539 
090 |a 322981 
100 |a 20161007d1968 k y0rusy50 ca 
101 0 |a rus 
102 |a RU 
105 |a y dm 001zy 
200 1 |a Исследования в области равновесий и термохимии жидкостной экстракции  |e автореферат диссертации на соискание ученой степени доктора химических наук  |e спец. 070  |f Ю. А. Афанасьев  |g Академия наук СССР (АН СССР), Сибирское отделение (СО), Институт неорганической химии им. А. В. Николаева (ИНХ) ; науч. конс. А. В. Николаев 
210 |a Новосибирск  |c [Б. и.]  |d 1968 
215 |a 33 с. 
300 |a Защита сост. в феврале 1968 г. 
320 |a Библиогр.: с. 30-33 (33 назв.) 
606 1 |a Неорганические соединения  |x Экстракция  |2 stltpush  |3 (RuTPU)RU\TPU\subj\45478  |9 64684 
610 1 |a изоконцентраты 
610 1 |a экстракционные системы 
610 1 |a эмпирические уравнения 
610 1 |a диаграммы 
610 1 |a разделение 
610 1 |a термохимические измерения 
610 1 |a термохимия 
610 1 |a термохимические расчеты 
610 1 |a теплота 
610 1 |a авторефераты диссертаций 
610 1 |a библиотека А. Г. Стромберга 
675 |a 546.05(04)  |v 3 
686 |a 070  |2 oksvnk 
700 1 |a Афанасьев  |b Ю. А. 
702 1 |a Николаев  |b А. В.  |4 695 
712 0 2 |a Академия наук СССР (АН СССР)  |b Сибирское отделение (СО)  |b Институт неорганической химии им. А. В. Николаева (ИНХ)  |c (Новосибирск)  |2 stltpush  |3 (RuTPU)RU\TPU\col\12178 
801 1 |a RU  |b 63413507  |c 20161007 
801 2 |a RU  |b 63413507  |c 20181009  |g RCR 
942 |c BK